00421cam a22001337a 4500008004000000020001500040082001600055100001700071245008600088260002600174300001000200650002900210650004800239180718b1996 xxu||||| |||| 00| 0 eng d a8185809135 aH52x54 An81 aAnsari, M.A. aSocial justice and crime in India: tribals and corrective justicecby M.A. Ansari aJaipurbSublimec1996 a400p. aTribals - Crimes - India aCriminal justice, Administration of - India